000
00428nam a2200133Ia 4500
008
100328s9999 xx 000 0 und d
082
_b
8175
100
_a
त्रिलोकेकर खंडेराव सदाशिव
245
_a
कवितासंग्रह
260
_b
साहित्य
630
_a
कवितासंग्रह
730
_a
कवितासंग्रह
942
_c
BOOK
999
_c
503967
_d
503964